University Home | Library Home | Institutional Repository

Songs are the eyes of the spirit:st.Moses God'sspirit church of Zambia/ (Record no. 100041)

MARC details
000 -LEADER
fixed length control field 00462cam7a220013300 4500
005 - DATE AND TIME OF LATEST TRANSACTION
control field 20190819095917.0
008 - FIXED-LENGTH DATA ELEMENTS--GENERAL INFORMATION
fixed length control field 001010
035 ## - SYSTEM CONTROL NUMBER
System control number (Sirsi) a143259
099 ## - LOCAL FREE-TEXT CALL NUMBER (OCLC)
Classification number Thesis(PhD)Zin 1997
100 1# - MAIN ENTRY--PERSONAL NAME
Personal name Zinser Hartmut
Linkage A113530.1
245 10 - TITLE STATEMENT
Title Songs are the eyes of the spirit:st.Moses God'sspirit church of Zambia/
Statement of responsibility, etc. by Hurtmut Zinser
260 ## - PUBLICATION, DISTRIBUTION, ETC.
Place of publication, distribution, etc. Germany:
Name of publisher, distributor, etc. Thomas Kirsch Okerstrasse,
Date of publication, distribution, etc. 1997
650 #0 - SUBJECT ADDED ENTRY--TOPICAL TERM
Topical term or geographic name entry element Culture and Religion
Linkage S86050.1

No items available.

© 2026 - The University of Zambia Library - Koha v25.11